000 01257nam a2200325Ia 4500
001 dia_2035
003 CHAP
005 20251023152340.0
008 220117s1970 xx 000 0 und d
010 _a172573
040 _cCHAP
082 _a634.980972 C36 1970
110 _aCámara Nacional de las Industrias Derivadas de la Silvicultura
_9152120
245 _aMemoria económica 1969-1970 /
_c dirección Ernestina Vidal Arteaga ; colaboración Roberto Flores Becerril...[et al.]
260 _aMéxico :
_b Cámara Nacional de las Industrias Derivadas de la Silvicultura,
_c1970
300 _a74 p.
590 _aHD9764.M4 C36 1970
650 _aEstadística forestal
_xMéxico
_9152121
650 _aForest products
_xEconomical aspects
_xMexico
_9152122
650 _aForest statistics
_xMexico
_9152123
650 _aProductos forestales
_xAspectos económicos
_xMéxico
_9152124
650 _aSilvicultura
_xMéxico
_9106123
650 _aSilviculture
_xMexico
_9152125
700 _aFlores Becerril, Roberto, colab.
_9152132
700 _aVidal Arteaga, Ernestina, dir.
_9152127
901 _a634.980972 C36 1970
902 _aM
905 _a5232271970 mx abmn8215223322spa16
942 _cLIBRO
_2ddc
999 _c172573
_d172573